[Event "Aktiv-Alliancen 2001"]
[Site "Taastrup"]
[Date "2001.01.27"]
[Round "6"]
[White "Madhy, Nezar"]
[Black "Christensen, Aage Niels"]
[Result "1/2-1/2"]
[WhiteElo "1650"]
[BlackElo "1466"]
[PlyCount "60"]
[EventDate "2001.??.??"]

1. d4 Nf6 2. c4 g6 3. g3 Bg7 4. Bg2 d5 5. Nf3 c6 6. cxd5 cxd5 7. Nc3 Nc6 8. O-O
O-O 9. Bf4 a6 10. Qd2 Ne4 11. Qe3 Nxc3 12. bxc3 Re8 13. Bh6 Bh8 14. Rfd1 Na5
15. Rab1 Nc4 16. Qf4 Qd6 17. Qc1 Qa3 18. Qxa3 Nxa3 19. Rb3 Nc4 20. Nd2 Nxd2 21.
Rxd2 e6 22. f4 Ra7 23. e4 dxe4 24. Bxe4 b5 25. Bc6 Rd8 26. Rb1 Rc7 27. Bg2 Rxc3
28. Rbd1 Rc7 29. d5 exd5 30. Bxd5 Rcd7 1/2-1/2

[Event "Aktiv-Alliancen 2001"]
[Site "Taastrup"]
[Date "2001.01.27"]
[Round "6"]
[White "Simonsen, Per"]
[Black "Foslund, Kasper"]
[Result "1-0"]
[WhiteElo "1852"]
[BlackElo "1381"]
[PlyCount "153"]
[EventDate "2001.??.??"]

1. d4 d5 2. c4 e6 3. Nc3 Nf6 4. Bg5 Be7 5. e3 b6 6. Nf3 Nbd7 7. Qc2 Bb7 8.
O-O-O c5 9. Kb1 cxd4 10. Nxd4 a6 11. cxd5 Nxd5 12. Nxd5 Bxd5 13. Bxe7 Qxe7 14.
Nf5 Bxa2+ 15. Kxa2 exf5 16. Qxf5 Nc5 17. Bc4 O-O 18. Rd4 g6 19. Qf3 Rac8 20. h4
Kg7 21. h5 Rc7 22. h6+ Kh8 23. Rhd1 b5 24. Bd5 f5 25. Kb1 Na4 26. Qf4 Nb6 27.
Bb3 Nc4 28. Bxc4 bxc4 29. Rxc4 Rb7 30. Qd4+ Kg8 31. Qd5+ Qf7 32. Ra4 Qxd5 33.
Rxd5 Rfb8 34. Ra2 Ra7 35. Rd6 Rba8 36. Ra5 Kf7 37. b3 Rb7 38. Kb2 Rab8 39. Ra3
a5 40. Rd3 Ra8 41. Ra4 Ra6 42. Ka3 Ke7 43. Rad4 Ke6 44. f4 Re7 45. Rd5 Kf6 46.
Ka4 Re4+ 47. R5d4 Rxd4+ 48. Rxd4 g5 49. Rd5 gxf4 50. exf4 Re6 51. Kxa5 Re4 52.
Rd6+ Ke7 53. Rc6 Kf7 54. Rc4 Re2 55. b4 Ra2+ 56. Kb6 Rxg2 57. b5 Rh2 58. Rc6
Rh4 59. Kc7 Rxf4 60. b6 Re4 61. b7 Re7+ 62. Kb6 Rxb7+ 63. Kxb7 f4 64. Kb6 f3
65. Rc3 Kg6 66. Rxf3 Kxh6 67. Rg3 Kh5 68. Kc5 Kh4 69. Rg1 h5 70. Kd4 Kh3 71.
Ke3 h4 72. Kf3 Kh2 73. Rg4 Kh3 74. Rb4 Kh2 75. Rxh4+ Kg1 76. Rh5 Kf1 77. Rh1#
1-0

[Event "Aktiv-Alliancen 2001"]
[Site "Taastrup"]
[Date "2001.01.27"]
[Round "6"]
[White "Holst, Thorsten"]
[Black "Jensen, Dan Bronnum"]
[Result "1-0"]
[WhiteElo "1535"]
[BlackElo "1364"]
[PlyCount "65"]
[EventDate "2001.??.??"]

1. e4 c5 2. Nf3 Nc6 3. d4 cxd4 4. Nxd4 Nf6 5. Nc3 e6 6. Be2 Bb4 7. f3 Qa5 8.
Ndb5 d5 9. O-O a6 10. exd5 axb5 11. dxc6 Bxc3 12. bxc3 Qxc3 13. cxb7 Bxb7 14.
Bxb5+ Ke7 15. Rb1 Qc5+ 16. Kh1 Rhd8 17. Bd3 Bd5 18. Bd2 Rdb8 19. Qe2 Nd7 20.
Be3 Qc3 21. Qf2 Rxb1 22. Rxb1 Rxa2 23. Bd4 Qc8 24. Qh4+ f6 25. Qxh7 Qf8 26. Bc3
Kd8 27. Qh4 Ra8 28. Bb4 Qe8 29. Bb5 Ra2 30. c4 Ba8 31. Qg3 Qf7 32. Rd1 Rb2 33.
Qb8# 1-0

[Event "Aktiv-Alliancen 2001"]
[Site "Taastrup"]
[Date "2001.01.27"]
[Round "6"]
[White "Lauritsen, Martin Lee"]
[Black "Helleberg, Jorgen"]
[Result "0-1"]
[WhiteElo "1166"]
[BlackElo "1453"]
[PlyCount "108"]
[EventDate "2001.??.??"]

1. e4 c6 2. Nf3 d5 3. exd5 cxd5 4. d4 Nf6 5. c4 e6 6. Nc3 Bb4 7. Qb3 Nc6 8. c5
O-O 9. Bd3 b6 10. Bb5 Bxc3+ 11. Qxc3 Ne4 12. Qc2 Bb7 13. Qa4 Qc7 14. Be3 a6 15.
Bxc6 Bxc6 16. Qb4 Rab8 17. Qa3 a5 18. O-O b5 19. b4 axb4 20. Qxb4 Ra8 21. a3
Ra4 22. Qb3 Rfa8 23. Qb2 Qa5 24. Bc1 h6 25. Ne5 Ra6 26. f3 Nf6 27. Bd2 Qc7 28.
Rfb1 Be8 29. g3 Qa7 30. Bb4 Nd7 31. Qe2 Nxe5 32. Qxe5 f6 33. Qe2 Kh7 34. Rc1
Rxb4 35. axb4 Rxa1 36. Qb2 Ra2 37. Qb1+ Bg6 38. Qb3 Ra1 39. Qc3 Rxc1+ 40. Qxc1
Be8 41. f4 Bc6 42. Qe1 Qd7 43. Qb1+ g6 44. Qa1 Kg7 45. Kf2 g5 46. Kf3 h5 47. h3
g4+ 48. hxg4 hxg4+ 49. Kxg4 e5+ 50. f5 e4 51. Qe1 Kg8 52. Kf4 Qg7 53. g4 Kh7
54. Qg3 Qc7+ 0-1

[Event "Aktiv-Alliancen 2001"]
[Site "Taastrup"]
[Date "2001.01.27"]
[Round "6"]
[White "Pedersen, Ole"]
[Black "Rosenkilde, Alexander"]
[Result "1/2-1/2"]
[WhiteElo "1459"]
[BlackElo "1195"]
[PlyCount "82"]
[EventDate "2001.??.??"]

1. c4 e5 2. e3 c6 3. Nc3 d5 4. cxd5 cxd5 5. d4 e4 6. Bb5+ Nc6 7. Nge2 Nf6 8.
O-O Bd7 9. Nf4 Bg4 10. Qa4 Qd7 11. Bd2 a6 12. Bxc6 bxc6 13. Rac1 Bd6 14. a3 O-O
15. b4 Rfc8 16. Qb3 Bc7 17. Ra1 Qd6 18. g3 Bf3 19. h3 Qd7 20. Kh2 h6 21. a4 Nh7
22. b5 Bxf4 23. exf4 Rd8 24. bxc6 Qxc6 25. Nd1 Rab8 26. Qc3 Qb6 27. Ne3 Qe6 28.
Rfc1 Rdc8 29. Qa5 Rxc1 30. Rxc1 Nf6 31. Qc7 Rb2 32. Rc2 Rb3 33. Qd8+ Kh7 34. a5
Rxe3 35. Bxe3 Ng4+ 36. hxg4 Qxg4 37. Qh4 Qf5 38. Rc6 f6 39. Qh3 Bg4 40. Qh4 Qd7
41. Rxf6 gxf6 1/2-1/2

[Event "Aktiv-Alliancen 2001"]
[Site "Taastrup"]
[Date "2001.01.27"]
[Round "6"]
[White "Nielsen, Richard Hjort"]
[Black "Hansen, Alexei"]
[Result "1-0"]
[WhiteElo "1453"]
[BlackElo "1095"]
[PlyCount "55"]
[EventDate "2001.??.??"]

1. e4 c5 2. Nf3 d6 3. d4 cxd4 4. Nxd4 g6 5. Bc4 Bg7 6. Be3 Nf6 7. Nc3 a6 8. a4
Nc6 9. h3 Bd7 10. Qd2 Qc7 11. O-O Nxd4 12. Qxd4 Nh5 13. Qd3 O-O 14. Nd5 Qd8 15.
Bb6 Qb8 16. Nxe7+ Kh8 17. Qb3 Qe8 18. Nd5 Qxe4 19. Rae1 Qh4 20. Re7 Bc6 21.
Rfe1 Qg5 22. Be3 Qh4 23. Bc1 Bd4 24. Be3 Be5 25. Rc7 Qd8 26. Bb6 Bxd5 27. Bxd5
Bd4 28. Bxd4+ 1-0

[Event "Aktiv-Alliancen 2001"]
[Site "Taastrup"]
[Date "2001.01.27"]
[Round "6"]
[White "Leopold, Claus Ulrich"]
[Black "Thomsen, Viggo"]
[Result "1/2-1/2"]
[WhiteElo "1296"]
[BlackElo "1537"]
[PlyCount "71"]
[EventDate "2001.??.??"]

1. d4 e6 2. c4 Bb4+ 3. Nc3 f5 4. Nf3 Nf6 5. e3 b6 6. Be2 Bb7 7. O-O O-O 8. Bd2
c6 9. a3 Be7 10. Rc1 d5 11. cxd5 exd5 12. b4 Nbd7 13. Na2 Rc8 14. Qb3 Ne4 15.
Bc3 Ndf6 16. Ne5 Bd6 17. f4 Nxc3 18. Nxc3 Qe7 19. h3 Kh8 20. Bd3 Nh5 21. Qc2
Ng3 22. Rf2 Bxe5 23. fxe5 g6 24. Ne2 Ne4 25. Nc3 Nxf2 26. Qxf2 Rf7 27. Rf1 Rcf8
28. Ne2 c5 29. Qe1 Qg5 30. Nf4 Qe7 31. Rf2 c4 32. Be2 b5 33. Bf3 Rd8 34. Ra2
Bc6 35. g3 Rff8 36. Qd2 1/2-1/2

[Event "Aktiv-Alliancen 2001"]
[Site "Taastrup"]
[Date "2001.01.27"]
[Round "6"]
[White "Skjoldan, Benjamin"]
[Black "Nikolaisen, Oluf"]
[Result "1-0"]
[WhiteElo "1677"]
[BlackElo "1311"]
[PlyCount "117"]
[EventDate "2001.??.??"]

1. d4 Nf6 2. Nf3 d5 3. c4 h6 4. Nc3 e6 5. Bf4 Nc6 6. c5 Bd7 7. e3 Nh5 8. Bg3 a6
9. h3 Nxg3 10. fxg3 f6 11. Bd3 f5 12. O-O Qf6 13. g4 f4 14. Ne2 g5 15. Ne1 e5
16. dxe5 Qxe5 17. exf4 Qe3+ 18. Kh1 Bxc5 19. Nc2 Qe7 20. Bg6+ Kd8 21. fxg5 hxg5
22. Nc3 d4 23. Ne2 Bxg4 24. Bd3 Qe5 25. Rf2 Bd6 26. Qg1 Be6 27. Re1 Bxh3 28.
gxh3 Rxh3+ 29. Kg2 Rxd3 30. Nf4 Re3 31. Nxe3 Qe4+ 32. Kf1 Bxf4 33. Ng4 Qd3+ 34.
Kg2 Qg3+ 35. Kf1 Ne7 36. Qxg3 Bxg3 37. Rf8+ Kd7 38. Rxe7+ Kxe7 39. Rxa8 Kd6 40.
Rd8+ Kc5 41. Ke2 Bd6 42. Rg8 Bf4 43. Nf6 Kc4 44. Ne4 c5 45. Nxg5 Bc1 46. b3+
Kc3 47. Ne4+ Kb4 48. Rb8 b5 49. Rb6 a5 50. Rc6 c4 51. bxc4 bxc4 52. Nd2 c3 53.
Nb3 Be3 54. Kd3 Ka3 55. Nxd4 Bxd4 56. Kxd4 Kxa2 57. Kxc3 a4 58. Ra6 a3 59. Kc2
1-0

[Event "Aktiv-Alliancen 2001"]
[Site "Taastrup"]
[Date "2001.02.09"]
[Round "7"]
[White "Lund, Silas"]
[Black "Nielsen, Borge Hjerrild"]
[Result "1-0"]
[WhiteElo "2261"]
[BlackElo "2125"]
[PlyCount "53"]
[EventDate "2001.??.??"]

1. c4 e6 2. g3 d5 3. Bg2 Nf6 4. d4 Be7 5. Nf3 O-O 6. O-O Nbd7 7. Qc2 c6 8. Nbd2
b6 9. e4 Bb7 10. e5 Ne8 11. b3 Rc8 12. Bb2 Qc7 13. Rac1 Qb8 14. Qb1 Nc7 15. h4
Rfd8 16. Ng5 Nf8 17. f4 f6 18. exf6 gxf6 19. Ngf3 f5 20. Ne5 Ne8 21. g4 Nd6 22.
c5 Ne4 23. Nxe4 dxe4 24. gxf5 exf5 25. Bh3 Ne6 26. Bxf5 Nxd4 27. Bxh7+ 1-0

[Event "Aktiv-Alliancen 2001"]
[Site "Taastrup"]
[Date "2001.02.09"]
[Round "7"]
[White "Nielsen, John Holm"]
[Black "Schmidt, Horst Hubert"]
[Result "1-0"]
[WhiteElo "1947"]
[BlackElo "2025"]
[PlyCount "89"]
[EventDate "2001.??.??"]

1. Nc3 Nf6 2. e4 d6 3. d4 g6 4. Nf3 Bg7 5. Bc4 O-O 6. O-O Nc6 7. Re1 Bg4 8. Be3
e5 9. d5 Ne7 10. h3 Bd7 11. Qd2 b5 12. Bd3 b4 13. Ne2 a5 14. Ng3 Qc8 15. c3 Qb7
16. c4 c5 17. Bh6 Rad8 18. Bxg7 Kxg7 19. Nh4 Nfg8 20. f4 f6 21. Rf1 Qc8 22.
fxe5 fxe5 23. Rf3 Rxf3 24. Nxf3 h6 25. Rf1 Rf8 26. b3 Rf7 27. Nh2 Qf8 28. Be2
Nf6 29. Bf3 g5 30. Bh5 Ng6 31. Bxg6 Kxg6 32. Qe2 h5 33. Nf5 Bxf5 34. Rxf5 Nd7
35. g4 h4 36. Qe3 Qe7 37. Nf3 Rxf5 38. exf5+ Kh6 39. Nxh4 Qg7 40. Nf3 e4 41.
Nd2 Qa1+ 42. Kg2 Qxa2 43. h4 Ne5 44. Qxg5+ Kh7 45. f6 1-0

[Event "Aktiv-Alliancen 2001"]
[Site "Taastrup"]
[Date "2001.02.09"]
[Round "7"]
[White "Karlsen, Arne"]
[Black "Nielsen, Michael"]
[Result "0-1"]
[WhiteElo "2017"]
[BlackElo "1739"]
[PlyCount "90"]
[EventDate "2001.??.??"]

1. e4 c5 2. Nf3 d6 3. d4 cxd4 4. Nxd4 Nf6 5. Nc3 g6 6. Be2 Bg7 7. Be3 O-O 8.
O-O Nc6 9. Nxc6 bxc6 10. f4 Qa5 11. Qe1 Re8 12. Rd1 Ng4 13. Bxg4 Bxg4 14. Rd3
Bc8 15. Rd1 Ba6 16. Rf3 Qb4 17. Bc1 Rad8 18. f5 Bc8 19. Qh4 Bxf5 20. a3 Qc4 21.
b3 Qc5+ 22. Be3 Qxc3 23. exf5 Qxc2 24. Rdf1 Qe2 25. Rh3 h5 26. Rg3 Rb8 27. Bxa7
Ra8 28. fxg6 fxg6 29. Rxg6 Rf8 30. Bf2 Rf7 31. Re1 Qc2 32. Qg3 Raf8 33. Be3
Qxb3 34. Qg5 Qb5 35. h3 Qxg5 36. Rxg5 Rf5 37. Rg3 Kf7 38. Bb6 c5 39. a4 Bd4+
40. Kh1 Bf2 41. Ree3 Bxe3 42. Rxe3 Rg8 43. a5 Rf2 44. g4 hxg4 45. Kg1 Ra2 0-1

[Event "Aktiv-Alliancen 2001"]
[Site "Taastrup"]
[Date "2001.02.09"]
[Round "7"]
[White "Tolstrup, Thomas"]
[Black "Pallesen, Jacob"]
[Result "1/2-1/2"]
[WhiteElo "1948"]
[BlackElo "2108"]
[PlyCount "48"]
[EventDate "2001.??.??"]

1. c4 f5 2. d4 Nf6 3. g3 d6 4. Nf3 g6 5. Bg2 Bg7 6. O-O O-O 7. Nc3 Na6 8. d5
Nc5 9. Nd4 Bd7 10. Rb1 a6 11. b4 Nce4 12. Nxe4 Nxe4 13. Bb2 Qe8 14. Ne6 Bxe6
15. Bxg7 Kxg7 16. Bxe4 Bd7 17. Qd4+ Kg8 18. Bg2 Qf7 19. f4 Qf6 20. Rfd1 b6 21.
Qxf6 exf6 22. Rdc1 Rfe8 23. Kf2 a5 24. b5 Rad8 1/2-1/2

[Event "Aktiv-Alliancen 2001"]
[Site "Taastrup"]
[Date "2001.02.09"]
[Round "7"]
[White "Pedersen, Bent O"]
[Black "Zyde, Fadmal"]
[Result "1-0"]
[WhiteElo "1696"]
[BlackElo "1700"]
[PlyCount "75"]
[EventDate "2001.??.??"]

1. e4 e5 2. Nf3 Nc6 3. Bb5 Nge7 4. d4 exd4 5. Nxd4 Nxd4 6. Qxd4 a6 7. Bc4 Nc6
8. Qd5 Qe7 9. O-O Nb4 10. Qd1 Qe5 11. a3 Bd6 12. g3 Nc6 13. Nc3 g5 14. Qh5 Qg7
15. Bxg5 Ne5 16. Be2 Qg6 17. Nd5 c6 18. Nf6+ Kf8 19. Qxg6 hxg6 20. f4 Kg7 21.
fxe5 Bxe5 22. Rad1 d6 23. c3 Be6 24. Ng4 Bxg4 25. Bxg4 f6 26. Bf4 Bxf4 27. Rxf4
g5 28. Rf2 Rhd8 29. Rfd2 d5 30. exd5 cxd5 31. Rxd5 Rh8 32. Rd7+ Kh6 33. Rf7 Kg6
34. Rdd7 b5 35. Rg7+ Kh6 36. Bf5 Kh5 37. Rh7+ Rxh7 38. Rxh7# 1-0

[Event "Aktiv-Alliancen 2001"]
[Site "Taastrup"]
[Date "2001.02.09"]
[Round "7"]
[White "Jensen, Jan Kargaard"]
[Black "Nilsson, Nils Specht"]
[Result "0-1"]
[WhiteElo "1502"]
[BlackElo "2214"]
[PlyCount "72"]
[EventDate "2001.??.??"]

1. e4 g6 2. c4 Bg7 3. d4 d6 4. Nc3 Nf6 5. Be2 O-O 6. f4 c5 7. Nf3 cxd4 8. Nxd4
Nc6 9. Be3 Ng4 10. Bxg4 Bxg4 11. Nxc6 Bxd1 12. Nxd8 Bg4 13. f5 gxf5 14. h3 f4
15. Bxf4 Bc8 16. Nxf7 Bxc3+ 17. bxc3 Rxf7 18. Be3 b6 19. Kd2 Ba6 20. a4 Bxc4
21. Rab1 e5 22. h4 Rg7 23. Rhg1 Rg4 24. g3 Rxe4 25. g4 Rf8 26. Rg3 d5 27. Rbg1
d4 28. Bh6 Rf2+ 29. Kc1 Ree2 30. cxd4 exd4 31. g5 Bf7 32. Rd3 Ra2 33. Kb1 Bg6
34. Rgd1 Ra3 35. h5 Rxd3 36. Rxd3 Bxd3+ 0-1

[Event "Aktiv-Alliancen 2001"]
[Site "Taastrup"]
[Date "2001.02.09"]
[Round "7"]
[White "Hau, Helge"]
[Black "Petersen, Nils"]
[Result "0-1"]
[WhiteElo "1479"]
[BlackElo "2039"]
[PlyCount "72"]
[EventDate "2001.??.??"]

1. f4 d5 2. Nf3 Nf6 3. e3 g6 4. d3 Bg7 5. c3 O-O 6. Ne5 c5 7. Nd2 Nc6 8. Ndf3
Nd7 9. Nxc6 bxc6 10. Be2 e5 11. fxe5 Nxe5 12. O-O Bf5 13. d4 Nxf3+ 14. Bxf3 Qd6
15. b3 Rfe8 16. Re1 Qd7 17. Ba3 Bh6 18. Bxc5 Bxe3+ 19. Kh1 Bf2 20. Re2 Bh4 21.
a4 Rxe2 22. Qxe2 Re8 23. Qd2 f6 24. Rf1 Bg5 25. Qd1 Be4 26. c4 f5 27. Bb4 Bxf3
28. Rxf3 Be3 29. c5 Re4 30. Bc3 Qg7 31. b4 Bxd4 32. Bd2 Qe5 33. g3 Re2 34. Rf4
Bf2 35. Bc3 d4 36. Bd2 Qd5+ 0-1

[Event "Aktiv-Alliancen 2001"]
[Site "Taastrup"]
[Date "2001.02.09"]
[Round "7"]
[White "Auchenberg, Per"]
[Black "Theander, Stig"]
[Result "1-0"]
[WhiteElo "1834"]
[BlackElo "1564"]
[PlyCount "91"]
[EventDate "2001.??.??"]

1. f4 d5 2. b3 Nf6 3. Bb2 c5 4. e3 Nc6 5. Bb5 Qb6 6. a4 a6 7. a5 Qa7 8. Bxc6+
bxc6 9. Nf3 Bg4 10. O-O h5 11. Qe1 g6 12. Nc3 Bg7 13. Na4 O-O 14. Ne5 Bf5 15.
d3 Ng4 16. Nxg4 Bxb2 17. Nh6+ Kh7 18. Nxb2 Kxh6 19. e4 Bd7 20. Na4 Rae8 21. Qe3
d4 22. Qg3 f6 23. Rae1 e5 24. fxe5 f5 25. exf5 Bxf5 26. e6 Qe7 27. Qe5 Qh4 28.
Nxc5 Qe7 29. Nd7 Rh8 30. Nc5 Rd8 31. Rf2 Rhg8 32. b4 Rd5 33. Qf4+ g5 34. Qd2
Rg6 35. Ref1 Bxe6 36. Re1 Qd6 37. Rfe2 Bg8 38. Re8 Qf4 39. Qxf4 gxf4 40. Kf2 f3
41. g3 Rg7 42. R1e5 Rxe5 43. Rxe5 h4 44. gxh4 Bd5 45. Rg5 Re7 46. Ne4 1-0

[Event "Aktiv-Alliancen 2001"]
[Site "Taastrup"]
[Date "2001.02.09"]
[Round "7"]
[White "Nielsen, Jens Holm"]
[Black "Moller, Arne Vagn"]
[Result "1-0"]
[WhiteElo "2071"]
[BlackElo "2026"]
[PlyCount "93"]
[EventDate "2001.??.??"]

1. Nc3 e5 2. e4 d6 3. Bc4 Nf6 4. d3 Be7 5. f4 exf4 6. Nf3 O-O 7. Bxf4 Nc6 8.
O-O Na5 9. Bb3 Nxb3 10. axb3 a6 11. Qd2 Be6 12. Rae1 d5 13. e5 Nd7 14. Bg5 c5
15. Bxe7 Qxe7 16. Qf4 Rac8 17. Ne2 c4 18. bxc4 dxc4 19. d4 Nb6 20. Ng5 Nd5 21.
Qg3 Rc6 22. Nf4 Nxf4 23. Rxf4 Bd5 24. Rf6 Rxf6 25. exf6 Qxf6 26. c3 h6 27. Nh3
Qg6 28. Qf2 Qg4 29. Nf4 Rd8 30. h3 Qd7 31. Re5 Qc6 32. Qe2 f6 33. Ng6 Kf7 34.
Ne7 Qb5 35. Qh5+ Kf8 36. Rxd5 Rxd5 37. Nxd5 Qxb2 38. Qf3 a5 39. Qe4 a4 40. Qe7+
Kg8 41. Qe8+ Kh7 42. Qxa4 Qb1+ 43. Kh2 b5 44. Qb4 Qc2 45. Qxb5 f5 46. Qd7 Qf2
47. Qf7 1-0

[Event "Aktiv-Alliancen 2001"]
[Site "Taastrup"]
[Date "2001.02.09"]
[Round "7"]
[White "Holst, Thorsten"]
[Black "Simonsen, Per"]
[Result "0-1"]
[WhiteElo "1535"]
[BlackElo "1852"]
[PlyCount "25"]
[EventDate "2001.??.??"]

1. e4 e5 2. Nf3 Nc6 3. d4 exd4 4. Nxd4 Bc5 5. Be3 Qf6 6. c3 Nge7 7. Bc4 Ne5 8.
Bb3 d6 9. O-O c6 10. Qe1 g5 11. f4 gxf4 12. Rxf4 Qg6 13. Qf1 0-1

[Event "Aktiv-Alliancen 2001"]
[Site "Taastrup"]
[Date "2001.02.09"]
[Round "7"]
[White "Holtzmann, Sonny"]
[Black "Al Saad, Mofid"]
[Result "0-1"]
[WhiteElo "1665"]
[BlackElo "1515"]
[PlyCount "50"]
[EventDate "2001.??.??"]

1. Nf3 Nf6 2. c4 g6 3. b3 Bg7 4. Bb2 c6 5. e4 O-O 6. Qc2 d6 7. Nc3 a5 8. d4 Nh5
9. h3 f5 10. e5 Na6 11. a3 Nc7 12. Rd1 Rb8 13. b4 b5 14. cxb5 Nxb5 15. Nxb5
cxb5 16. Bxb5 axb4 17. axb4 d5 18. Qc5 e6 19. Be2 Nf4 20. g3 Nxe2 21. Kxe2 Rf7
22. Rc1 Bf8 23. Qa5 Qxa5 24. bxa5 Ba6+ 25. Ke3 Bh6+ 0-1

[Event "Aktiv-Alliancen 2001"]
[Site "Taastrup"]
[Date "2001.02.09"]
[Round "7"]
[White "Bekker Jensen, Dorte"]
[Black "Foslund, Peter"]
[Result "1/2-1/2"]
[WhiteElo "1217"]
[BlackElo "1649"]
[PlyCount "90"]
[EventDate "2001.??.??"]

1. d4 d5 2. c4 c6 3. cxd5 cxd5 4. Nc3 e6 5. Bf4 a6 6. e3 Bd7 7. Nf3 Nc6 8. Be2
Nf6 9. O-O Be7 10. h3 b5 11. Ne1 h6 12. Nd3 Rc8 13. Rc1 O-O 14. Rc2 Nb4 15.
Nxb4 Bxb4 16. Nb1 Rxc2 17. Qxc2 Qc8 18. Rc1 Qxc2 19. Rxc2 Rc8 20. Rxc8+ Bxc8
21. a3 Be7 22. Kf1 Nd7 23. Ke1 f6 24. Bg4 Kf7 25. Kd2 f5 26. Be2 g5 27. Bh2 Nf6
28. f3 h5 29. g4 hxg4 30. hxg4 fxg4 31. fxg4 Ne4+ 32. Kc2 Bd6 33. Bxd6 Nxd6 34.
b3 Kf6 35. Nc3 Bb7 36. Bf3 Ne4 37. Bxe4 dxe4 38. b4 Bc6 39. Kd2 Ke7 40. Nd1 Kd6
41. Nf2 Ke7 42. Kc3 Bd5 43. Kd2 Kf6 44. Kc3 Kg6 45. Kd2 Kf6 1/2-1/2

[Event "Aktiv-Alliancen 2001"]
[Site "Taastrup"]
[Date "2001.02.09"]
[Round "7"]
[White "Rosenkilde, Alexander"]
[Black "Sandbech, Ted"]
[Result "1/2-1/2"]
[WhiteElo "1195"]
[BlackElo "1691"]
[PlyCount "119"]
[EventDate "2001.??.??"]

1. e4 d5 2. exd5 Qxd5 3. Nc3 Qa5 4. d4 c6 5. Nf3 Bg4 6. Be2 e6 7. O-O Nf6 8.
Bf4 Be7 9. Re1 O-O 10. Ne5 Bxe2 11. Qxe2 Nbd7 12. Rad1 Bb4 13. Nc4 Qf5 14. Bd6
Bxd6 15. Nxd6 Qg6 16. Nxb7 Rfb8 17. Nc5 Rxb2 18. Nd3 Rbb8 19. Qf3 Nd5 20. Nxd5
cxd5 21. Rc1 Rd8 22. c4 dxc4 23. Rxc4 Nb6 24. Rb4 Nd5 25. Rb7 Qf6 26. Ne5 Qxf3
27. Nxf3 Rdc8 28. Ne5 Rc7 29. Reb1 f6 30. Rb8+ Rc8 31. Rxa8 Rxa8 32. Nd7 Nc3
33. Rb2 Rd8 34. Rb7 Nxa2 35. Rxa7 Nc3 36. g3 Ne2+ 37. Kg2 Nxd4 38. Nc5 e5 39.
h4 h6 40. Rc7 Ra8 41. Kh3 Ra2 42. Kg2 Rc2 43. Na6 Rxc7 44. Nxc7 Kf7 45. Nd5 Ke6
46. Ne3 f5 47. Nf1 e4 48. Ne3 g5 49. hxg5 hxg5 50. Kg1 Nf3+ 51. Kg2 g4 52. Kf1
Kf6 53. Nd5+ Kg5 54. Nf4 Ne5 55. Ke2 Ng6 56. Nxg6 Kxg6 57. Ke3 Kg5 58. Kd4 Kf6
59. Kd5 Kg5 60. Ke5 1/2-1/2

[Event "Aktiv-Alliancen 2001"]
[Site "Taastrup"]
[Date "2001.02.09"]
[Round "7"]
[White "Christensen, Aage Niels"]
[Black "Carlsen, Tonny"]
[Result "1/2-1/2"]
[WhiteElo "1466"]
[BlackElo "1443"]
[PlyCount "63"]
[EventDate "2001.??.??"]

1. e4 d6 2. d4 Nf6 3. Nc3 g6 4. f4 Bg7 5. Nf3 O-O 6. Bd3 Nbd7 7. O-O c5 8. d5
Qb6 9. Kh1 Ng4 10. h3 Nh6 11. Qe2 f5 12. e5 Qc7 13. Re1 a6 14. Ng5 Nb6 15. exd6
exd6 16. Qe7 Qxe7 17. Rxe7 Nf7 18. Ne6 Bxe6 19. dxe6 Nd8 20. Rxg7+ Kxg7 21. e7
Re8 22. exd8=Q Raxd8 23. Bd2 d5 24. Re1 Rxe1+ 25. Bxe1 c4 26. Bf1 d4 27. Nb1 d3
28. cxd3 cxd3 29. Ba5 Rd6 30. Bxb6 Rxb6 31. b3 Rd6 32. Nd2 1/2-1/2

[Event "Aktiv-Alliancen 2001"]
[Site "Taastrup"]
[Date "2001.02.09"]
[Round "7"]
[White "Foslund, Kasper"]
[Black "Skjoldan, Benjamin"]
[Result "1-0"]
[WhiteElo "1381"]
[BlackElo "1677"]
[PlyCount "101"]
[EventDate "2001.??.??"]

1. e4 c5 2. f4 Nc6 3. Nf3 Nf6 4. Nc3 d6 5. d3 e6 6. Be2 Be7 7. O-O Bd7 8. b3
Qc7 9. Kh1 O-O-O 10. Nb5 Qb6 11. c4 d5 12. e5 Ne8 13. a4 d4 14. Ng5 Bxg5 15.
fxg5 Rf8 16. Bh5 Nxe5 17. Bf4 Ng6 18. Bg3 Bxb5 19. axb5 Nd6 20. Be1 Nf5 21. Ba5
Qd6 22. Bxd8 Ne3 23. Qb1 Nxf1 24. Qxf1 Kxd8 25. Rxa7 Kc7 26. Bf3 Rb8 27. Be4
Qf4 28. Qa1 Qxg5 29. Qa5+ Kc8 30. Qe1 f5 31. Bxb7+ Rxb7 32. Qxe6+ Kb8 33. Rxb7+
Kxb7 34. Qc6+ Kb8 35. Qd6+ Kc8 36. Qxc5+ Kd7 37. Qxd4+ Ke8 38. Qf2 Qc1+ 39. Qg1
Qd2 40. Qf1 Qc3 41. g3 Ne7 42. Qd1 g6 43. d4 Kd7 44. Kg2 Kd6 45. c5+ Kd5 46.
Qe1 Kxd4 47. Qxe7 Qxc5 48. Qg7+ Ke4 49. Qxh7 g5 50. Qb7+ Kd3 51. Qf3+ 1-0

[Event "Aktiv-Alliancen 2001"]
[Site "Taastrup"]
[Date "2001.02.09"]
[Round "7"]
[White "Jensen, Dan Bronnum"]
[Black "Pedersen, Ole"]
[Result "1/2-1/2"]
[WhiteElo "1364"]
[BlackElo "1459"]
[PlyCount "86"]
[EventDate "2001.??.??"]

1. e4 c5 2. f4 e6 3. Nf3 d5 4. exd5 exd5 5. Bb5+ Bd7 6. Bxd7+ Nxd7 7. O-O Ngf6
8. Re1+ Be7 9. Qe2 a6 10. Nc3 Rc8 11. d3 Rc7 12. f5 Nb8 13. Bf4 Rc8 14. Bxb8
Rxb8 15. Qe5 b6 16. Re2 Rb7 17. Rae1 d4 18. Ne4 O-O 19. Nxf6+ Bxf6 20. Qf4 h6
21. h3 Qd7 22. Nh2 Bg5 23. Qf3 Rbb8 24. Ng4 Qb7 25. Qg3 Qd7 26. Rf1 Rbe8 27.
Rxe8 Rxe8 28. h4 Be3+ 29. Kh1 Kh8 30. f6 g6 31. Ne5 Qd5 32. Ng4 c4 33. Qc7 cxd3
34. cxd3 b5 35. b3 Kg8 36. Qc2 Qh5 37. Nh2 Qxh4 38. Qc6 Rf8 39. Qf3 Qg5 40. a3
Qe5 41. Qh3 Kh7 42. Ng4 Qg5 43. Rf3 Re8 1/2-1/2

[Event "Aktiv-Alliancen 2001"]
[Site "Taastrup"]
[Date "2001.02.09"]
[Round "7"]
[White "Nielsen, Richard Hjort"]
[Black "Lauritsen, Martin Lee"]
[Result "0-1"]
[WhiteElo "1453"]
[BlackElo "1166"]
[PlyCount "100"]
[EventDate "2001.??.??"]

1. e4 c5 2. Nf3 Nc6 3. d4 cxd4 4. Nxd4 Nf6 5. Nc3 e6 6. a3 Qa5 7. Nb3 Qd8 8.
Be2 Be7 9. Be3 O-O 10. O-O d5 11. exd5 exd5 12. Bf3 Be6 13. Nd4 a6 14. Qd2 Qc7
15. Bf4 Bd6 16. Bxd6 Qxd6 17. Rae1 Rfe8 18. g3 Rad8 19. Re2 Qc5 20. Nb3 Qa7 21.
Rfe1 d4 22. Ne4 Nxe4 23. Bxe4 Bc4 24. Bxh7+ Kf8 25. Rxe8+ Rxe8 26. Rxe8+ Kxe8
27. Qe1+ Kf8 28. Nd2 Be6 29. Be4 Qc5 30. Qe2 Bh3 31. Nf3 g5 32. b4 Qc3 33. Qe1
Qxa3 34. Nxg5 Be6 35. Nxe6+ fxe6 36. Bxc6 bxc6 37. Kg2 Ke7 38. h4 c5 39. bxc5
Qxc5 40. Qe2 a5 41. Qd3 a4 42. Qh7+ Kd6 43. Qd3 a3 44. Qd1 a2 45. Qa1 Qd5+ 46.
Kg1 e5 47. Qb2 Ke6 48. g4 Qa5 49. Qa1 Qa4 50. f4 Qxc2 0-1

[Event "Aktiv-Alliancen 2001"]
[Site "Taastrup"]
[Date "2001.02.09"]
[Round "7"]
[White "Hansen, Alexei"]
[Black "Leopold, Claus Ulrich"]
[Result "1/2-1/2"]
[WhiteElo "1095"]
[BlackElo "1296"]
[PlyCount "72"]
[EventDate "2001.??.??"]

1. e4 e5 2. Nf3 Nc6 3. Bb5 d6 4. d4 Bd7 5. d5 Nce7 6. Bxd7+ Qxd7 7. O-O c6 8.
c4 Nf6 9. Nc3 g6 10. Bg5 Bg7 11. Qd2 Rc8 12. Rac1 O-O 13. h3 a6 14. a4 cxd5 15.
cxd5 Rc4 16. Qd3 Rfc8 17. Bxf6 Bxf6 18. Rc2 b5 19. axb5 axb5 20. b3 R4c5 21.
Rfc1 Qb7 22. Ne2 Qb6 23. b4 Rxc2 24. Rxc2 Ra8 25. Rb2 Bg7 26. Nc3 Rb8 27. Ra2
f5 28. Ra5 fxe4 29. Qxe4 Rf8 30. Rxb5 Qa7 31. Ra5 Qb6 32. Na4 Qb7 33. g3 Rc8
34. Qe1 Rc4 35. Nc3 Rxb4 36. Qa1 Bf6 1/2-1/2

[Event "Aktiv-Alliancen 2001"]
[Site "Taastrup"]
[Date "2001.02.09"]
[Round "7"]
[White "Madsen, Ole Bang"]
[Black "Thomsen, Viggo"]
[Result "1/2-1/2"]
[WhiteElo "1413"]
[BlackElo "1537"]
[PlyCount "87"]
[EventDate "2001.??.??"]

1. e4 c6 2. d4 d5 3. Nc3 dxe4 4. Nxe4 Bf5 5. Qd3 Bxe4 6. Qxe4 Nf6 7. Qh4 e6 8.
Nf3 Be7 9. Bd3 Nbd7 10. O-O Qb6 11. a3 O-O-O 12. b3 h6 13. Be3 Nd5 14. Qg3 Nxe3
15. fxe3 g5 16. Ne5 Nxe5 17. Qxe5 Bd6 18. Qe4 Qc7 19. h3 Qe7 20. Bc4 Kd7 21. a4
f5 22. Qf3 h5 23. d5 exd5 24. Qxf5+ Kc7 25. Bd3 Qxe3+ 26. Qf2 Qxf2+ 27. Kxf2
Rhf8+ 28. Kg1 Rxf1+ 29. Rxf1 Rf8 30. Rf5 Rxf5 31. Bxf5 h4 32. Kf1 a5 33. Ke2 b5
34. Kd3 Be5 35. Be6 Kd6 36. Bc8 b4 37. Bf5 Bc3 38. Ke2 Ke5 39. Bg4 c5 40. Kd3
Kf4 41. Bf3 Ke5 42. Bh5 Be1 43. Bf3 Bf2 44. Bg4 1/2-1/2